| 000 | 00867nam a2200217Ia 4500 | ||
|---|---|---|---|
| 008 | 191130s1996##################000#0#eng## | ||
| 020 | _a9780521026536 | ||
| 040 |
_aACL _cACL |
||
| 082 | _a301.072077311 LIN | ||
| 100 | _aLindner, Rolf | ||
| 245 |
_aThe reportage of urban culture : Robert park and the Chicago school _cRolf Lindner ; translated by Adrian Morris with Jeremy Gaines and Martin Chalmers |
||
| 260 |
_aCambridge _bCambridge University Press _cc1996 |
||
| 300 | _axiii, 237 p. : ill. ; 24 cm | ||
| 500 | _aIncludes bibliographical references (p. 205-227) and indexes | ||
| 650 | _aChicago school of sociology - History | ||
| 650 | _aPark, Robert Ezra, 1864-1944 | ||
| 650 | _aSociology, Urban - United States - Study and teaching - History - 20th century | ||
| 990 | _a80f0e6e4ac10000c4ca0a9421749e0d5 | ||
| 991 | _a194948 | ||
| 999 |
_c295870 _d295870 |
||